000 00848nam a2200253Ia 4500
003 OSt
005 20221005112356.0
006 a|||||r|||| 00| 0
007 ta
008 221004b |||||||| |||| 00| 0 pan d
020 _a9789382804970 (hbk)
_c180
024 _a26397
037 _b1025, 16/03/2016, H.K. Prakashan
_cTextual
040 _aCRL
_cCRL
_bpan
041 _2pan
_apan
082 _aV2:51.N5, 153Q5
100 _aਤਰਸੇਮ, ਐਸ., ਥਦ.
245 0 _aਫ਼ਦਰ ਲਹਿਰ
260 _aਸਮਾਣਾ
_bਸੰਗਮ ਪਬਲੀਕੇFਨਗ਼ ਭਾਰਤ
_c2015
300 _a160ਪੰ
_ccm.
650 _aਭਾਰਤੀਯ ਇਤਿਹਾਸ
942 _hV2:51.N5, 153Q5
_cTEXL
_2cc
999 _c1024694
_d1024694